000 02079cam a22005054i 4500
003 PE-LiUPU
005 20250731165455.0
008 150623s1996 enk rb 000 0 eng d
020 _a1850757895
035 _a(Sirsi) i9781850757894
040 _aPE-LiUPU
_bspa
_cPE-LiUPU
_erda
049 _aPRUA
082 0 4 _a225.077
_bNT
_221
100 1 _aKreitzer, Larry,
_eautor.
245 1 0 _a2 Corinthians.
_n47 /
_cLarry Kreitzer.
264 1 _aMelksham, Wiltshire :
_bSheffield Academic Press,
_c1996.
300 _a146 páginas ;
_c21.5 centímetros.
336 _atext
_2rdacontent
337 _aunmediated
_2rdamedia
338 _avolume
_2rdacarrier
490 1 _aNew Testament Guides
504 _aBibliografía al final de cada capitulo.
505 0 _aPaul and the founding of the Church at Corinth -- The integrity of 2 Corinthians and its place in the Corinthian correspondence -- The apostolic ministry of Paul -- Moses, glory and the New covenant -- Identifying the Corinthian Opponents: a problem in detection -- Paul and the Jerusalem collection -- Some puzzling passages -- The challenge of 2 Corinthians for the modern world.
526 _aSEG44
526 _aSEG26
526 _aP151
526 _aP150
526 _aP149
526 _aP146
526 _aP145
526 _aP126
526 _aP125
526 _aP92
526 _aP75
526 _aP74
526 _aP27
526 _aP15
630 _aBiblia.
_pN.T.
_pCorintios II
_xComentarios.
942 _2ddc
_cBOOK
949 _aRC 225.077 NT 47
_wDEWEY
_c1
_i45038
_lCCODEBUL1
_mBUL
_r0
_sY
_tBOOK
_u2015-6-24
_xTEOLOGIA
_PP35
_0COMPRA
_o.CIRCNOTE. No olvidar cambiar la fecha de devolución!!!!!!!
_o.STAFF. Colección Teología
994 _aC0
_bPEPRU
596 _a1
999 _aRC 225.077 NT 47
_wDEWEY
_c21919
_i45038
_f2021-11-8
_g6
_lCCODEBUL1
_mBUL
_p25.00
_r1
_sY
_tBOOK
_u2015-6-24
_xTEOLOGIA
_PP35
_0COMPRA
_o.CIRCNOTE. No olvidar cambiar la fecha de devolución!!!!!!!
_o.STAFF. Colección Teología
_d21919
980 _81
_gALBERTO SANCHEZ Responsable de Automatización